Le titre est dans les paroles #3 (RAP FR) - Statistiques

Statistiques générales
  • Ce quiz a été pris 708 fois
  • Le résultat moyen est 6 sur 15
Statistiques - réponses
Paroles Titre % Correct
J'étais sensé t'aimer, mais j'ai vu l'averse,J'ai cligné des yeux tu n'étais plus la même, Est-ce que je t'aime, j'sais pas si je t'aime ___-__ ___ __ _'_____, j'sais pas si je t'aime Est-ce que tu m'aimes
86%
____ _'_______, y a des milliards de vie sur Terre,Sept milliards d'êtres humains Peut-être trois milliards de filles mais d'est toi qu'j'veux Dans l'univers
66%
C'est celui-là c'est ce mâle _____,Infidèle mais qui aime sa femme. Alpha
64%
Elle aime le sentir sur sa langueCar je suis frais comme un ______ _ __ ______. Bonbon à la menthe
64%
Oh __ ____, __ _____ m'a réparé, Plus rien n'est comme avant, Quelqu'un m'a déjà soigné. Le temps
56%
Et quand j'me lève, j'me rappelle Que mes lèvres ne toucheront plus les tiennes Les lumières s'éteignent en plein après-midi L'impression d'être une ville sans soleil ________, ________ ________, ________ Helsinki
44%
J'lui dis "j'peux pas vivre sans toi"Elle m'a dit "qu'si tu m'payes une _______ ______" Cartier Santos
43%
____ _____,Ça va pas fort j'ai peur du temps ____ _____, J'aime pas tes rides et tes cheveux blancs Allô Maman
28%
Tard le soir je me ______Parle mal on va te balafrer Trop de condés sur Paname Balade
23%
____ ___Me dire qu't'es mon ami si tu m'aimes pas Faut pas
22%
Je suis pas là pour me jeter des fleurs,Mais ils sont morts dans les ________ Pétunias
20%
Baby, tu sais bien que j'ai pas le time,Tu connais mon _________. Lifestyle
19%
J'ai quelques souvenirs de toi en _______,On m'a dit "faut y croire" mais petit à petit j'perds espoir Mémoire
17%
T'as la _______ ______ T'as oublié tout ce que j'ai fait Pour que tu soit qui tu es. Mémoire courte
8%
Toi t'es pas ma ____Quand j'suis mal t'es pas là T'es à eux, pas à moi, mais tu peux m'appeler si ça va pas Nana
7%
Aucun quiz correspondant
Distribution des résultats
% des personnes avec chaque résultat
Percentile par nombre de réponses
Votre historique - résultats
Vous n’avez pas pris ce quiz